Normal view
MARC view
- Sohaiba Iqbal
Entry Personal Name
001 - CONTROL NUMBER
- control field: 7516
003 - CONTROL NUMBER IDENTIFIER
- control field: NUST
005 - DATE AND TIME OF LATEST TRANSACTION
- control field: 20171222112021.0
008 - FIXED-LENGTH DATA ELEMENTS
- fixed length control field: 171222|| aca||aabn | a|a d
040 ## - CATALOGING SOURCE
- Original cataloging agency: NUST
- Transcribing agency: NUST
100 ## - HEADING--PERSONAL NAME
- Personal name: Sohaiba Iqbal
670 ## - SOURCE DATA FOUND
- Source citation: Work cat.: (NUST): Sohaiba Iqbal, Statistical model checking of relief supply location and distribution in natural disaster management
